000 00568nmm a2200193Ia 4500
008 251105s9999||||xx |||||||||||||||||und||
020 _a9788413052663
041 _aspa
100 _aCanales Torres, Carlos
245 0 _aBreve historia de la Guerra del 98
264 _a[Madrid, España] :
_bEdiciones Nowtilus,
_c2022
300 _a364 páginas
490 _aBreve historia
650 _aHistory of Europe: Spain
700 _aCanales Torres, Carlos
700 1 _a Rey, Miguel del
856 _uhttps://public.digitaliapublishing.com/a/171913
942 _cCF
999 _c63452
_d63452